Bhāratīya vāṅmaya meṃ Śrīrādhā. (Record no. 61447)

MARC details
000 -LEADER
fixed length control field 00801cam a22002531a 4500
001 - CONTROL NUMBER
control field sa 65000226
003 - CONTROL NUMBER IDENTIFIER
control field DLC
005 - DATE AND TIME OF LATEST TRANSACTION
control field 20260227112101.0
008 - FIXED-LENGTH DATA ELEMENTS--GENERAL INFORMATION
fixed length control field 900123s1963 ii ac 000 0 hino
010 ## - LIBRARY OF CONGRESS CONTROL NUMBER
LC control number sa 65000226
035 ## - SYSTEM CONTROL NUMBER
System control number (OCoLC)20945120
040 ## - CATALOGING SOURCE
Original cataloging agency DLC
Transcribing agency WaU
Modifying agency NSyU
-- DLC
042 ## - AUTHENTICATION CODE
Authentication code premarc
043 ## - GEOGRAPHIC AREA CODE
Geographic area code a-ii---
050 00 - LIBRARY OF CONGRESS CALL NUMBER
Classification number PK2907.R2
Item number U6
100 1# - MAIN ENTRY--PERSONAL NAME
Personal name Upadhyaya, Baldeva,
Dates associated with a name 1899-1999.
245 10 - TITLE STATEMENT
Title Bhāratīya vāṅmaya meṃ Śrīrādhā.
Statement of responsibility, etc. [lekhaka] Baladeva Upādhyāya.
250 ## - EDITION STATEMENT
Edition statement [Pratama saṃskaraṇa]
260 ## - PUBLICATION, DISTRIBUTION, ETC.
Place of publication, distribution, etc. Paṭanā,
Name of publisher, distributor, etc. Bihara-Rashtrabhāśa Parishada,
Date of publication, distribution, etc. [1963]
300 ## - PHYSICAL DESCRIPTION
Extent 6, 523 p.
Other physical details illus., ports. (part col.)
Dimensions 25 cm.
500 ## - GENERAL NOTE
General note In Hindi.
650 #0 - SUBJECT ADDED ENTRY--TOPICAL TERM
Topical term or geographic name entry element Rādhā (Hindu deity) in literature.
650 #0 - SUBJECT ADDED ENTRY--TOPICAL TERM
Topical term or geographic name entry element Indic literature
General subdivision History and criticism.

No items available.

Powered by Koha